000
00350nam a2200157Ia 4500
008
220531s9999 xx 000 0 und d
041
_a
eng
245
_a
World Book Ency.vl.17
250
_a
1ST
260
_b
World Book
_c
1989
300
_a
542
542
_d
31-03-2007
650
_a
English
_9
49511
906
_d
2006-2007
999
_c
28935
_d
28935